• 首页
  • 本馆介绍
  • 公告通知
  • 最新文献
  • 馆藏检索
  • 电子资源
  • 读者导购
  • 参考咨询
  • 我的图书馆
  • 登录
  • 详细信息显示
  • 放入我的书架
  • 预约/预借图书
  • 作者相关作品
  • 分类相关作品
  • 丛书相关作品
  • 出版社相关作品

书目信息

  • 表格格式
  • 工作单格式
  • 卡片格式
题名:
图说千种树木
    
 
作者: 孟庆武 , 纪殿荣 , 纪惠芳 主编
分册: 1  
出版信息: 北京   中国农业出版社  2009.09
页数: 189页
开本: 22cm
丛书名:
单 册:
中图分类: S717.2-64
科图分类:
主题词: 树木--中国--图集 , 树木
电子资源:
ISBN: 978-7-109-13543-7
000 00935nam0 2200265 45
001 1356798578
005 20130514173202.04
010    @a978-7-109-13543-7@dCNY48.00
100    @a20130108d2009 em y0chiy0110 ea
101 0  @achi
102    @aCN@b110000
105    @aa z 000yy
106    @ar
200 1  @a图说千种树木@ATu Shuo Qian Zhong Shu Mu@h1@f孟庆武,纪殿荣,纪惠芳主编@FMeng Qing Wu, Ji Dian Rong, Ji Hui Fang Zhu Bian
210    @a北京@c中国农业出版社@d2009.09
215    @a189页@d22cm
330    @a本书内容包括:桫椤;苏铁;银杏;南洋杉;云南油杉;日本冷杉;杉松;臭冷杉;冷杉;黄杉;北美黄杉;银杉;云杉;红皮云杉;欧洲云杉;林芝云杉等。
606 0  @a树木@y中国@j图集
606 0  @a树木
690    @aS717.2-64@v5
701  0 @a孟庆武@AMeng Qing Wu@4主编
701  0 @a纪殿荣@AJi Dian Rong@4主编
701  0 @a纪惠芳@AJi Hui Fang@4主编
801    @aCN@bTANGWEI@c20130108
905    @b0829546-50@dS717.2-64@e56@f5
    
    图说千种树木.1/孟庆武,纪殿荣,纪惠芳主编.-北京:中国农业出版社,2009.09
    189页;22cm
    
    
    ISBN 978-7-109-13543-7:CNY48.00
    本书内容包括:桫椤;苏铁;银杏;南洋杉;云南油杉;日本冷杉;杉松;臭冷杉;冷杉;黄杉;北美黄杉;银杉;云杉;红皮云杉;欧洲云杉;林芝云杉等。
●
相关链接 在E读中查询图书 在五车中查询图书 在当当中查询图书 在豆瓣中查询图书


正题名:图说千种树木     索取号:S717.2-64/56         预约/预借

序号 登录号 条形码 馆藏地/架位号 状态 备注
1 0829546   208295469   第二样本阅览室/ [索取号:S717.2-64/56] 在馆    
2 0829547   208295478   第三借阅区/ [索取号:S717.2-64/56] 在馆    
3 0829548   208295487   第三借阅区/ [索取号:S717.2-64/56] 在馆    
4 0829549   208295496   第三借阅区/ [索取号:S717.2-64/56] 在馆    
5 0829550   208295502   第三借阅区/ [索取号:S717.2-64/56] 在馆    
唐山师范学院图书馆 欢迎您!
大连网信软件有限公司© 版权所有